[Event "Sivakasi op 1st"]
[Site "Sivakasi"]
[Date "2015.05.17"]
[Round "1"]
[White "Suriya, Pandi Paul Pandi"]
[Black "Deepan Chakkravarthy, J."]
[Result "0-1"]
[WhiteElo "1187"]
[BlackElo "2487"]
[PlyCount "54"]
[EventDate "2015.05.17"]
[EventType "swiss"]
[EventRounds "9"]
[EventCountry "IND"]
[SourceTitle "CBM 166 Extra"]
[Source "ChessBase"]
[SourceDate "2015.06.18"]
[SourceVersion "1"]
[SourceVersionDate "2015.06.18"]
[SourceQuality "1"]

1. d4 e6 2. c4 Bb4+ 3. Bd2 a5 4. Nc3 Nf6 5. a3 Bxc3 6. Bxc3 Ne4 7. Nf3 0-0 8. Qc2 f5 9. e3 b6 10. g3 Ba6 11. b3 d5 12. Bb2 Nd7 13. Bg2 a4 14. cxd5 exd5 15. b4 Bc4 16. Nd2 Nxd2 17. Qxd2 Nf6 18. f3 Qd7 19. Kf2 Rae8 20. Rhe1 Re6 21. Rac1 Rfe8 22. Rc3 b5 23. Bf1 Qf7 24. Bxc4 dxc4 25. Bc1 Nd5 26. Qc2 Qh5 27. h4 f4 0-1